000 02021nam a22003617a 4500
005 20100904121245.0
008
010 _aENG-101413 B-425697-701
020 _a9788120340862
_c395.00
035 _aEN-84946 B-425697-701
037 _bDBAD/PUB
037 _bAllied Pub/Ven
040 _aDPL
_bEng
082 _a001.64
100 1 _aKrishna Kant
_918275
245 1 0 _aMicroprocessor-based Agri instrumentation /
_cby Krishna Kant
260 _aNew Delhi
_bPHI Learning
_c2010
270 _aM-97, Connaught Circus
_bNew Delhi
_e110001
300 _axx,452p. :
_bill.
_c24cm (pbk)
500 _aIncludes index.
650 0 _918276
700 1 _918277
700 1 _918278
942 _2ddc
_cEN
_mKRI
_h001.64
999 _c43733
_d43733